000
00212 a2200097 4500
001
46536
100
_a
Mackenzie, D
245
_a
Khushal Khan Khatak
260
_a
London
_b
George Allen
_c
090
_c
29639
_d
29639
942
_a
NUST-CAE
_c
M
_c
21823
999
_c
281609
_d
281609